| 000 | 00548nam a2200193Ia 4500 | ||
|---|---|---|---|
| 008 | 240729s9999 xx 000 0 und d | ||
| 022 | _a2643-6515 | ||
| 245 | 0 | _aPlant Phenomics | |
| 260 | _aUnited States | ||
| 260 | _bAmerican Association for the Advancement of Science (AAAS) | ||
| 650 | _a Biology (General) | ||
| 650 | _a Botany | ||
| 650 | _a Genetics | Science | ||
| 650 | _a Plant culture | Science | ||
| 650 | _aAgriculture | ||
| 856 | _uhttps://doaj.org/toc/82eb4dfa10c5488e83f0ffa06f52ec34 | ||
| 942 | _2ddc | ||
| 942 | _cDOAJEJ | ||
| 999 |
_c70761 _d70761 |
||
| 945 |
_a1 _bMadushi Gamage _c1 _dMadushi Gamage |
||